Egyptian Myth and Legend. With historical narrative, notes on race problems, comparative belief, etc.

Gespeichert in:
Bibliographische Detailangaben
1. Verfasser: Mackenzie, Donald Alexander (autor)
Format: Buch
Sprache:Englisch
Veröffentlicht: Londres The Gresham Publishing Co. 1900
Ausgabe:1a. ed
Schlagworte:
Tags: Tag hinzufügen
Keine Tags, Fügen Sie den ersten Tag hinzu!

MARC

LEADER 00000nam a2200000 a 4500
001 UCJ6574
003 CL-VaPUC
008 070124e19000000UK |||||||||||||||||eng|d
082 0 4 |a 932  |b MAC  |2 21 
100 |a Mackenzie, Donald Alexander  |e autor  |9 513448 
245 1 0 |a Egyptian Myth and Legend. With historical narrative, notes on race problems, comparative belief, etc. 
250 |a 1a. ed 
300 |a xlix, 404 p 
942 |c BK 
945 |d 20070124 00:00:00  |a rinostro 
260 |a Londres  |b The Gresham Publishing Co.  |c 1900 
500 |a Ilustraciones conforme a lo señalado en índice 
600 0 |a Moisés   |9 349294 
600 0 7 |a RAMSES II  |2 CL-VaPUC  |9 476377 
650 7 |a EGIPTOLOGIA  |2 CL-VaPUC  |9 265780 
650 0 |a Arqueología   |9 265619 
650 0 |a Mitología   |9 255719 
650 0 |a Religión   |9 255164 
650 7 |a LEYENDAS  |2 CL-VaPUC  |9 265258 
650 7 |a RITOS Y CEREMONIAL  |2 CL-VaPUC  |9 512928 
650 7 |a CEREMONIAS FUNERARIAS  |2 CL-VaPUC  |9 513449 
650 0 |a Cosmogonía   |9 268652 
650 0 |a Monumentos  |9 265246 
651 0 |a Egipto   |9 268199 
583 |a last modification  |c 20180123 06:38:51  |k Rodrigo Vera 
999 |c 322676  |d 322674 
952 |0 0  |1 0  |4 0  |6 932_000000000000000_MAC_1900  |7 0  |8 X  |9 401727  |a FDOBUD  |b FDOBUD  |d 2019-11-22  |i 104981K  |o 932 MAC 1900  |p 104981K  |r 2019-11-22  |w 2019-11-22  |y BK_X  |k BUD